000 00801nam a2200253Ia 4500
003 OSt
005 20221005023547.0
006 a|||||r|||| 00| 0
007 ta
008 221004b |||||||| |||| 00| 0 eng d
020 _a9780520252318 (pbk)
_c1638.22
024 _a22235
037 _b12206, 27/03/2015, Elite Publishers Distributors
_cTextual
040 _aCRL
_cCRL
_beng
041 _2eng
_aeng
082 _aN44,N, P7
100 _aMathur Saloni
_9265669
245 0 _aIndia by design
_b Colonial history and cultural display
260 _aBerkeley
_bUniversity of California Press USA
_c2007
300 _axi,219p.
_ccm.
650 _aARTS
942 _hN44,N, P7
_cTEXL
_2cc
999 _c931389
_d931389